000 01082cam a2200337 i 4500
001 000008237
003 DO-SdBNP
005 20230525124245.0
007 ta
008 010305s2001 sp b 000 e spa
020 _a8430604235
040 _aDO-SdBNP
_bspa
_cBNPHU
_erda
082 4 _a460.9
_bL821g
_222
100 1 _aLodares, Juan Ramón,
_d1959-2005
_922342
245 1 0 _aGente de Cervantes :
_bhistoria humana del idioma español /
_cJuan Ramón Lodares.
264 1 _aMadrid :
_bTaurus,
_c2001.
300 _a238 páginas ;
_c22 cm.
336 _2rdacontent
_atexto
_btxt
337 _2rdamedia
_asin mediación
_bn
338 _2rdacarrier
_avolumen
_bnc
490 0 _aPensamiento
500 _aIncluye índice
504 _aBibliografía : p. 231-238
590 _aInventariado, 2023/BT
650 4 _aEspañol
_xGramática
_xHistoria
_922343
650 4 _aLingüística
_94035
650 4 _aLengua española
_xHistoria
_922344
650 4 _aEspañol
_xAspectos sociales
_xHistoria
_922345
910 _aBtavárez/ Validado. Control de Calidad /MAA
942 _2ddc
_cLBS1
999 _c8008
_d8008